| 000 | 01283nam a2200301 a 4500 | ||
|---|---|---|---|
| 001 | BRCA_8457 | ||
| 005 | 20190320210305.0 | ||
| 008 | 031215m19061907nyua######---#000-0#eng-# | ||
| 041 | _aeng | ||
| 044 | _anyu | ||
| 084 |
_aPQ6323 _b.C47 1906 |
||
| 100 | 1 |
_aCervantes Saavedra, Miguel de _d1547-1616 _9213 |
|
| 245 | 1 | 0 |
_aThe History of the Valorous and Witty Knight-Errant Don Quixote of the Mancha _cby Miguel de Cervantes ; translated by Thomas Shelton ; the illustrations by Daniel Vierge ; with an introduction by Royal Cortissoz. |
| 260 |
_aNueva York _bCharles Scribner´s Sons _c1906-1907 |
||
| 300 |
_a3 v. _bil. _c26 cm. _eportafolio complementario con ilustraciones a página completa |
||
| 500 | _aLibros donados por el C.P. Eduardo Creel, 1984 | ||
| 546 | _aTexto en : inglés | ||
| 650 | 1 | 4 |
_aNovela española _yÉpoca clásica, 1500-1700 _9215 |
| 650 | 1 | 4 |
_aLiteratura española _yÉpoca clásica, 1500-1700 _9216 |
| 650 | 1 | 4 |
_aNovela española _ySiglo XVII _9217 |
| 650 | 1 | 4 |
_aDon Quijote (Personaje ficticio) _eNovela _9218 |
| 700 | 1 |
_aShelton, Thomas _d?-1626 _eTraductor _921181 |
|
| 700 | 1 |
_aVierge, Daniel _eIlustrador _921182 |
|
| 700 | 1 |
_aCortissoz, Royal _921183 |
|
| 740 | 0 | _aEl Ingenioso Hidalgo Don Quijote de la Mancha | |
| 902 | _aQAG | ||
| 942 |
_2lcc _cB |
||
| 999 |
_c8124 _d8124 |
||